EA FC25 All Gold Austria Players - Statistics

General Stats
  • This quiz has been taken 41 times
  • The average score is 11 of 23
Answer Stats
Rate Club Answer % Correct
85 Real Madrid David Alaba
100%
84 Dortmund Marcel Sabitzer
100%
83 Bayern Konrad Laimer
88%
80 Inter Marko Arnautovic
88%
80 Leipzig Christoph Baumgartner
66%
80 Lens Kevin Danso
66%
81 Leipzig Xaver Schlager
56%
78 Freiburg Michael Gregoritsch
53%
78 Bologna Stefan Posch
50%
77 Wolves Sasa Kalajdzic
47%
77 Leeds Maximilian Wober
44%
79 Freiburg Philipp Lienhart
44%
78 Feyenoord Gernot Trauner
41%
77 Leipzig Nicolas Seiwald
41%
77 Wolfsburg Patrick Wimmer
38%
75 Union Berlin Christopher Trimmel
34%
76 Koln Florian Kainz
28%
75 Werder Bremen Marco Friedl
28%
75 Werder Bremen Romano Schmid
28%
75 Werder Bremen Marco Grull
25%
75 Austria Wien Aleksandar Dragovic
19%
75 LASK Robert Zulj
13%
77 Gladbach Kevin Stoger
9%
No matching quizzes found
Score Distribution
Percent of People with Each Score
Percentile by Number Answered
Your Score History
You have not taken this quiz